000 00762cam a2200241 a 4500
001 207243
005 20180824024708.0
008 990402s1999 mauab b 001 0 eng
010 _a 99072038
020 _a0395960770
040 _aDLC
_cDLC
_dDLC
041 _aeng
043 _an-us---
080 _a973
082 0 0 _a973
_221
100 _a16
101 _aHIS
245 0 4 _aThe enduring vision :
_cPaul S. Boyer ... [et al.]
504 _aIncludes bibliographical references (p. B-1-B-26) and index.
906 _a7
_bcbc
_corignew
_d2
_eopcn
_f19
_gy-gencatlg
942 _2ddc
_cBK
999 _c47295
_d47295